000 01172nam a2200337Ia 4500
001 Z_7055
003 CHAP
005 20230123191435.0
008 220113s2017 xx 000 0 und d
010 _a170328
040 _cCHAP
090 _aTesis R83 2623
100 _aRubio Rubio, Javier
_9128968
245 _aDiagnóstico mineral de ganado bovinopara carne en agostadero en Indé, Durango /
_cJavier Rubio Rubio
260 _aMéxico :
_bEl autor,
_c2017
300 _aCD
502 _aTesis (Maestro en Ciencias en Innovación Ganadera) -- UACh, 2017 \ Dirección: Maximino Huerta Bravo; asesoría: Agustín Ruiz Fores y José Luis Zaragoza Ramírez
650 _aMinerales inorgánicos
_9146651
650 _aMinerales quelatados
_9146652
650 _aSelenio
_9103791
650 _aZinc
_9124054
700 _a Ruiz Flores, Agustín, asesor
_9142674
700 _a Zaragoza Ramírez, José Luis, asesor
_9143236
700 _aHuerta Bravo, Maximino, director
_9137817
856 4 2 _uhttp://10.13.5.2/tesis/sist113878.pdf
_yDescargar PDF
901 _aTESIS R83 2623
902 _aM
910 _a2017
942 _c2
_2ddc
942 _c2
_2ddc
999 _c170328
_d170328